Los estilos de aprendizaje: procedimientos de diagnóstico y mejora

Պահպանված է:
Մատենագիտական մանրամասներ
Հիմնական հեղինակներ: Alonso, Catalina M (Հեղինակ), Gallego Gil, Domingo J (Հեղինակ), Honey, Peter (Հեղինակ)
Ձևաչափ: Գիրք
Լեզու:իսպաներեն
Հրապարակվել է: Bilbao Mensajero 1997
Հրատարակություն:3a. ed
Շարք:Colección Recursos e instrumentos psico pedagógicos, 10
Խորագրեր:
Ցուցիչներ: Ավելացրեք ցուցիչ
Չկան պիտակներ, Եղեք առաջինը, ով նշում է այս գրառումը!

MARC

LEADER 00000cam a2200000 a 4500
001 UCQ9662
003 CL-VaPUC
008 990112e19970000SP |||||||||||||||||spa|d
020 |a 9788427119147 
082 0 4 |a 371.3  |b ALO  |2 21 
100 0 |a Alonso, Catalina M  |e author  |9 222226 
700 |a Gallego Gil, Domingo J  |e author  |9 572305 
700 0 |a Honey, Peter  |e author  |9 424363 
245 1 4 |a Los estilos de aprendizaje: procedimientos de diagnóstico y mejora 
250 |a 3a. ed 
300 |a 222 p 
942 |c BK 
945 |d 19990112 00:00:00  |a aarredon 
260 |a Bilbao  |b Mensajero  |c 1997 
650 0 |a Educación  |9 258661 
650 0 |a Métodos de aprendizaje  |9 334464 
650 0 |a Métodos de enseñanza  |9 270413 
650 0 |a Métodos de estudio  |9 260518 
650 0 |a Investigación educacional   |9 261192 
650 7 |a TUTORIA  |2 CL-VaPUC  |9 335054 
650 0 |a Aprendizaje   |9 254827 
583 |a last modification  |c 20191010 10:39:56  |k Rodrigo Vera 
490 0 |a Colección Recursos e instrumentos psico pedagógicos, 10 
999 |c 278650  |d 278648 
952 |0 0  |1 0  |4 0  |6 371_300000000000000_ALO_1997  |7 0  |8 A  |9 317334  |a BIBEDU  |b BIBEDU  |d 2019-11-20  |i 3495612  |o 371.3 ALO 1997  |p 3495612  |r 2019-11-20  |w 2019-11-20  |y BK  |k BME 
952 |0 0  |1 0  |2 ddc  |3 erb  |4 0  |6 371_300000000000000_ALO_1997  |7 0  |8 A  |9 317335  |a BIBHIS  |b BIBHIS  |i 5561612  |o 371.3 ALO 1997  |p 5561612  |r 2025-01-20  |w 2019-11-20  |y BK  |z Catalogado en:20191018  |k HIS